♫ I'm Still Standing Lyrics - Elton John ♫ - Statistics

General Stats
  • This quiz has been taken 3,239 times
  • The average score is 195 of 271
Answer Stats
Lyric % Correct
I
99%
a
96%
I'm
96%
standing
96%
still
96%
You
92%
you
92%
like
91%
be
87%
know
82%
little
82%
the
82%
The
82%
kid
81%
ever
79%
feeling
79%
survivor
79%
this
79%
true
79%
did
77%
look
77%
all
76%
better
75%
than
75%
time
75%
after
74%
And
74%
what
74%
my
73%
never
73%
it's
71%
of
71%
on
70%
Looking
69%
that
68%
life
67%
just
66%
up
65%
mind
63%
pieces
63%
could
62%
Don't
62%
in
62%
without
62%
win
61%
ice
59%
me
59%
Picking
59%
Your
58%
to
56%
again
51%
at
49%
back
48%
love
48%
cold
47%
if
47%
by
46%
mask
46%
use
46%
blood
45%
behind
43%
from
43%
think
43%
there's
42%
a-coming
41%
freezes
41%
lonely
41%
now
41%
shines
41%
away
39%
Well
39%
winter
39%
light
38%
fade
37%
got
37%
way
36%
need
34%
simple
34%
taste
34%
clown
32%
fool
32%
hide
31%
wind
31%
down
30%
was
30%
circus
28%
you'd
27%
You'll
27%
wreck
26%
were
24%
our
21%
cut
20%
road
20%
hoped
18%
leaving
18%
made
18%
meant
18%
while
18%
Once
17%
threats
16%
starting
11%
coulda
7%
No matching quizzes found
Score Distribution
Percent of People with Each Score
Percentile by Number Answered
Your Score History
You have not taken this quiz